TROPICAL forest canopies: ecology and management : proceedings of the ESF Conference, Oxford University, 12-16 December 1998

Bibliographic Details
Other Authors: Linsenmair (Karl-Eduard)
Format: Book
Published: Dordrecht ; Boston : Kluwer Academic Pub. , 2001
Series:Forestry sciences ; v. 69
Subjects:

MARC

LEADER 00000cam a2200000 7i4500
001 0000002164
005 20030314.0
020 0 0 |a 079237049X 
090 0 0 |a 577.34   |b TRO 2001 
245 0 0 |a TROPICAL forest canopies: ecology and management :   |b proceedings of the ESF Conference, Oxford University, 12-16 December 1998   |c edited by K.E. Linesmair ... [et al.] 
260 0 0 |a Dordrecht ; Boston :   |b Kluwer Academic Pub. ,   |c 2001 
300 |a 370 p. :   |b ill. ;   |c 27 cm. 
440 0 0 |a Forestry sciences ; v. 69 
500 0 0 |a Includes bibliogrphical references 
650 0 0 |a Forest canopies   |x Tropics   |x Congresses 
650 0 0 |a Forest ecology   |x Tropics   |x Congresses 
650 0 0 |a Forests and forestry   |x Tropics   |x Management   |x Congresses 
700 0 1 |a Linsenmair   |h K. E. ,   |d (Karl-Eduard) 
998 |a JPSM 
999 |a 0000003646   |b Monograph   |c Open Shelf   |e Default branch